Six Closest Countries - Antarctica - Statistics

General Stats
  • This quiz has been taken 150 times
  • The average score is 4 of 6
Answer Stats
km country miles % Correct
1023 Argentina 636
92%
1005 Chile 625
92%
2484 New Zealand 1543
85%
2518 Australia 1564
84%
3151 Uruguay 1958
34%
3292 Brazil 2045
29%
No matching quizzes found
Score Distribution
Percent of People with Each Score
Percentile by Number Answered
Your Score History
You have not taken this quiz